Suck my Blood - Lil Peep - Statistics

General Stats
  • This quiz has been taken 52 times
  • The average score is 184 of 260
Answer Stats
Answer % Correct
blood
97%
my
97%
suck
97%
a
94%
she
89%
the
89%
i
86%
at
83%
drug
83%
ground
83%
like
83%
Lookin
83%
lookin
83%
me
83%
while
83%
know
78%
when
78%
dont
75%
down
75%
just
75%
let
75%
Baby
72%
baby
72%
bo
72%
call
72%
can
72%
in
72%
plug
72%
see
72%
shit
72%
and
69%
bout
69%
but
69%
love
69%
im
67%
on
64%
you
64%
mud
61%
not
61%
be
58%
club
58%
got
58%
it
58%
lil
58%
out
58%
peep
58%
that
58%
without
58%
LA
56%
okay
56%
pick
56%
what
56%
always
53%
broken
53%
brown
53%
dick
53%
heart
53%
kinda
53%
pain
53%
rain
53%
thats
53%
apart
50%
face
50%
say
50%
take
50%
aint
47%
by
47%
for
47%
frown
47%
stage
47%
tearing
47%
tryna
47%
want
47%
bitches
44%
blade
44%
day
44%
lets
44%
one
44%
were
44%
gay
42%
insane
42%
kissin
42%
nothin
42%
gettin
39%
save
39%
bay
36%
drugs
36%
off
36%
some
36%
oh
33%
brain
31%
No matching quizzes found
Score Distribution
Percent of People with Each Score
Percentile by Number Answered
Your Score History
You have not taken this quiz